000 01050cab a2200289 4500
001 WB3411-11
008 090401t1998 xxu||||| |||| 00| 0 eng d
035 _a(Sirsi) u85109
041 _aeng
245 _aRetail market
260 _c1998
350 _a0
490 _aFinancial Times
_v20 March 1998, 10(1)
520 _aThe IPD index for 1997 shows that property had its best year since 1993 with 22% of commercial property changing hands. Retail was the best performing sector of the market with total returns of 18.5%.
650 _aCAPITAL VALUES
650 _aINDUSTRIAL MARKET
650 _aINVESTMENT MARKET
650 _aIPD UK ANNUAL INDEX
650 _aPROPERTY-COMMERCIAL PROPERTY-OFFICE PROPERTY-OFFICE PROPERTY MARKET
650 _aPROPERTY INDEXES
650 _aRENTAL GROWTH
650 _aPROPERTY-COMMERCIAL PROPERTY-RETAIL PROPERTY-RETAIL PROPERTY MARKET
650 _aTOTAL RETURNS
690 _aPROPERTY-COMMERCIAL PROPERTY-COMMERCIAL PROPERTY FINANCE AND INVESTMENT
942 _n0
948 _c20/03/1998
999 _c53516
_d53516